| 000 | 00896cam7a220024100 4500 | ||
|---|---|---|---|
| 001 | qce02605867 | ||
| 005 | 20190822125643.0 | ||
| 008 | 661202s1966 enk 000 0 eng d | ||
| 035 | _a(Sirsi) r96390 | ||
| 035 | _a(QCAT)lss04935226 | ||
| 035 | _a(UPRA)qce02605867 | ||
| 040 | _dUPRA | ||
| 060 | 0 |
_aZ 699 _bC877c 1966 |
|
| 100 | 1 |
_aCox, Nigel S. M. _6A22989.1 |
|
| 245 | 1 | 4 |
_aThe computer and the library : _bthe role of the computer in the organization and handling of information in libraries [by] N.S.M. Cox [et al. |
| 260 |
_aNewcastle upon Tyne] : _bUniv. of Newcastle upon Tyne Library, _c1966. |
||
| 440 | 0 |
_aNewcastle upon Tyne. University. Library. Publications ; _vno. 4 _6S9052.1 |
|
| 504 | _aBibliography: p. 94. | ||
| 700 | 1 |
_aDews, J. D. _6A55073.1 |
|
| 700 | 1 |
_aDolby, J. L. _6A23703.1 |
|
| 949 |
_aZ678.9 _wlcc _i33729001427488 _mMAIN _p2500 _tBOOK _lON-SHELF |
||
| 004 | 96390 | ||
| 999 |
_c137236 _d137236 |
||